000 00440nam a2200145 i 4500
001 bg
100 1 _aKORONA, Ludwig
245 0 _aUszczelnienia czołowe - materiały i konstrukcja /
_cLudwig Korona.
260 _aWarszawa,
_c1975.
040 _cBPK
041 _apol
942 _cKS
008 s pl f |000 0 pol
856 _uhttp://koha.tu.koszalin.pl/cgi-bin/koha/opac-detail.pl?biblionumber=16099
_yKatalog online BPK
999 _c16099
_d16099